000 00442nam a22001697a 4500
003 MPLRDC
005 20220104170725.0
008 210129b ||||| |||| 00| 0 eng d
082 _a312.932 MIC 1987*
100 _aMITAC INTERNATIONAL CORPORATION
245 _aMICROSOFT GW-BASIC INTERPRETER USER'S GUIDE
_c
250 _a再版
260 _a
_bMITAC INTERNATIONAL
_c1987
300 _b
650 _a
942 _cBK
_o312.932 MIC 1987*
999 _c58096
_d58086